The age of migration : (Record no. 17741)
[ view plain ]
| 000 -LEADER | |
|---|---|
| fixed length control field | 01198cam a22003255a 4500 |
| 001 - CONTROL NUMBER | |
| control field | 014753890 |
| 003 - CONTROL NUMBER IDENTIFIER | |
| control field | OSt |
| 005 - DATE AND TIME OF LATEST TRANSACTION | |
| control field | 20161117100640.0 |
| 008 - FIXED-LENGTH DATA ELEMENTS--GENERAL INFORMATION | |
| fixed length control field | 080911s2009 enkb frb 001 0 eng d |
| 020 ## - INTERNATIONAL STANDARD BOOK NUMBER | |
| International Standard Book Number | 9780230517851 |
| 020 ## - INTERNATIONAL STANDARD BOOK NUMBER | |
| International Standard Book Number | 0230517854 |
| 040 ## - CATALOGING SOURCE | |
| Original cataloging agency | StDuBDS |
| Language of cataloging | eng |
| Transcribing agency | StDuBDS |
| Modifying agency | Uk |
| -- | EG-ScBUE |
| 082 04 - DEWEY DECIMAL CLASSIFICATION NUMBER | |
| Edition number | 22 |
| Classification number | 325.0904 |
| Item number | CAS |
| 100 1# - MAIN ENTRY--PERSONAL NAME | |
| Personal name | Castles, Stephen. |
| 9 (RLIN) | 16769 |
| 245 14 - TITLE STATEMENT | |
| Title | The age of migration : |
| Remainder of title | international population movements in the modern world / |
| Statement of responsibility, etc | Stephen Castles, Mark J. Miller. |
| 250 ## - EDITION STATEMENT | |
| Edition statement | 4th ed. |
| 260 ## - PUBLICATION, DISTRIBUTION, ETC. (IMPRINT) | |
| Place of publication, distribution, etc | Basingstoke, Hampshire : |
| Name of publisher, distributor, etc | Palgrave Macmillan / Macmillan Publishers Limited, |
| Date of publication, distribution, etc | 2009. |
| 300 ## - PHYSICAL DESCRIPTION | |
| Extent | xviii, 369 p. : |
| Other physical details | ill. ; |
| Dimensions | 24 cm. |
| 500 ## - GENERAL NOTE | |
| General note | First published : Palgrave Macmillan, 1993. |
| 500 ## - GENERAL NOTE | |
| General note | Includes indexes. |
| 504 ## - BIBLIOGRAPHY, ETC. NOTE | |
| Bibliography, etc | Bibliography : p. 313-349. |
| 590 ## - LOCAL NOTE (RLIN) | |
| Local note | Wessam |
| 650 #7 - SUBJECT ADDED ENTRY--TOPICAL TERM | |
| Topical term or geographic name as entry element | Emigration and immigration. |
| 9 (RLIN) | 34031 |
| Source of heading or term | BUEsh |
| 650 #7 - SUBJECT ADDED ENTRY--TOPICAL TERM | |
| Topical term or geographic name as entry element | Emigration and immigration |
| General subdivision | History. |
| 9 (RLIN) | 34405 |
| Source of heading or term | BUEsh |
| 651 ## - SUBJECT ADDED ENTRY--GEOGRAPHIC NAME | |
| Source of heading or term | BUEsh |
| 653 ## - INDEX TERM--UNCONTROLLED | |
| Resource For college | BAEPS, Political Science |
| Arrived date list | November2016 |
| Resource For college | BAEPS, Political Science |
| Arrived date list | November2013 |
| Resource For college | BAEPS, Political Science |
| Arrived date list | October2016 |
| 700 1# - ADDED ENTRY--PERSONAL NAME | |
| Personal name | Miller, Mark J. |
| 9 (RLIN) | 16771 |
| 856 ## - ELECTRONIC LOCATION AND ACCESS | |
| Uniform Resource Identifier | <a href="http://www.age-of-migration.com/">http://www.age-of-migration.com/</a> |
| Link text | Companion website |
| 942 ## - ADDED ENTRY ELEMENTS (KOHA) | |
| Source of classification or shelving scheme | Dewey Decimal Classification |
| Item type | Book - Borrowing |
| Call number prefix | 325.0904 CAS |
| Edition | 22 |
| Withdrawn status | Item status | Source of classification or shelving scheme | Materials specified (bound volume or other part) | Damaged status | Not for loan | Vendor | Home library | Current library | Shelving location | Date acquired | Source of acquisition | Total Checkouts | Full call number | Barcode | Date last seen | Koha item type | Cost, normal purchase price | Total Renewals | Date last borrowed | Serial Enumeration / chronology | Checked out | Cost, replacement price |
|---|---|---|---|---|---|---|---|---|---|---|---|---|---|---|---|---|---|---|---|---|---|---|
| Lost | Dewey Decimal Classification | Lost In Inventory_2015-8-23 | Baccah | Central Library | Central Library | First floor | 10/11/2013 | 325.09 CAS | 000035057 | 10/11/2013 | NB - Book (Non borrowing) | |||||||||||
| Dewey Decimal Classification | Baccah | Central Library | Central Library | First floor | 09/10/2016 | Purchase | 6 | 325.09 CAS | 000033888 | 15/07/2025 | Book - Borrowing | 260.00 | 56 | 18/10/2021 | ||||||||
| Dewey Decimal Classification | Baccah | Central Library | Central Library | First floor | 09/10/2016 | Purchase | 5 | 325.09 CAS | 000033889 | 15/07/2025 | Book - Borrowing | 260.00 | 5 | 26/02/2025 | ||||||||
| Dewey Decimal Classification | Baccah | Central Library | Central Library | First floor | 09/10/2016 | Purchase | 5 | 325.09 CAS | 000033890 | 15/07/2025 | Book - Borrowing | 260.00 | 12 | 17/02/2020 | ||||||||
| Dewey Decimal Classification | Baccah | Central Library | Central Library | First floor | 09/10/2016 | Purchase | 3 | 325.09 CAS | 000033891 | 15/07/2025 | Book - Borrowing | 260.00 | 45 | 18/10/2021 | ||||||||
| Dewey Decimal Classification | Baccah | Central Library | Central Library | First floor | 09/10/2016 | Purchase | 6 | 325.09 CAS | 000033892 | 15/07/2025 | Book - Borrowing | 260.00 | 27 | 01/11/2020 | ||||||||
| Dewey Decimal Classification | Baccah | Central Library | Central Library | First floor | 17/11/2016 | Purchase | 7 | 325.09 CAS | 000034483 | 29/11/2020 | Book - Borrowing | 405.00 | 76 | 29/11/2020 | 25841 | 09/10/2021 | 506.25 |